| 000 | 01326nam0a2200325 4500 | ||
|---|---|---|---|
| 001 | RU\NLR\BIBL_A\011601694 | ||
| 005 | 20260406095553.0 | ||
| 010 |
_a978-5-389-09862-6 _94000 |
||
| 021 |
_aRU _b2017-99307 _97151 |
||
| 035 | _a(RuMoRGB)009498271 | ||
| 035 | _a(NLR Aleph) 011601694 | ||
| 090 |
_a10892929 _c10892929 |
||
| 100 | _a20180125d2017 |||y0rusy50 ca | ||
| 101 | 1 |
_arus _ceng |
|
| 102 | _aRU | ||
| 105 | _aa|||zzzz0|0ay | ||
| 200 | 1 |
_aМедвежонок Паддингтон и его невероятные приключения _e[рассказы _eдля младшего школьного возраста] _fМайкл Бонд _g[перевод с английского Александры Глебовской] _gиллюстрации Р. В. Элли |
|
| 210 |
_aСанкт-Петербург _cАзбука _d2017 (макет 2018) |
||
| 215 |
_a132, [3] с. _cцв. ил. _d24 |
||
| 225 | 1 | _aСерия "Малышам о Паддингтоне" | |
| 333 | _a0+ | ||
| 686 |
_aШ9(2)72(4Вл) _2rubbk |
||
| 686 | 0 | _aШ9(4Вл)60-4 | |
| 700 | 1 |
_aБонд _bМ. _f1926-2017 _gМайкл _3RU\NLR\AUTH\7772784 _955712 |
|
| 702 | 1 |
_aЭлли _bР.В. _gРоберт В _4040 |
|
| 942 | _cBOOK | ||
| 980 | _aNB | ||